Online Catalogue and eLibrary

Kanthawa, samajaya, vimukthiya - ii (Record no. 1669)

MARC details
000 -LEADER
fixed length control field 00410nam a2200169Ia 4500
005 - DATE AND TIME OF LATEST TRANSACTION
control field 20250519013525.0
008 - FIXED-LENGTH DATA ELEMENTS--GENERAL INFORMATION
fixed length control field 240331s9999 xx 000 0 und d
082 ## - DDC Classification
Item Number - Author Mark KAN
Class No. 305.4
100 ## - MAIN ENTRY--PERSONAL NAME
Personal name Marga Ayathanaya
245 #0 - TITLE STATEMENT
Title Kanthawa, samajaya, vimukthiya - ii
260 ## - PUBLICATION, DISTRIBUTION, ETC.
Place of publication, distribution, etc. Colombo
Name of publisher, distributor, etc. Merga Institute
Date of publication, distribution, etc. 1977
300 ## - PHYSICAL DESCRIPTION
Extent (e.g. Volumes, Pages etc.) 175 p .,
650 ## - SUBJECT ADDED ENTRY--TOPICAL TERM
Topical term or geographic name entry element Woman
650 ## - SUBJECT ADDED ENTRY--TOPICAL TERM
Topical term or geographic name entry element Society
650 ## - SUBJECT ADDED ENTRY--TOPICAL TERM
Topical term or geographic name entry element Liberation
942 ## - Koha item type (Biblio)
Koha item type Books in Stacks (Lending)
Holdings
Lost status Damaged status Collection code Home library Current library Shelving location Date acquired Full call number Accession Number Item type
    Lending WERC Library WERC Library Social Science Cupboard 03/31/2024 305.4 KAN 1461 Books in Stacks (Lending)

© WERC Library